000
00289pam a2200121 a 4500
020
_c
041
_h
100
_a
by walter T. foster .
245
_a
Drawing Animals
_h
Textual Documents
260
_a
[s.l]:
_b
United States in America ,
_c
2005.
300
_a
31:
_b
paper.
930
_a
6932
999
_c
240722
_d
240722